| Поле | Название | Значение |
| |
Тип записи |
a |
| |
Библиографический уровень |
a |
| 001 |
Контрольный номер |
RU/CBS_UL/BASE/ab700742de254772b29b168ad0185c19 |
| 005 |
Дата корректировки |
20260212183859.9 |
| 100 |
Данные общей обработки |
__ |
| a |
Данные общей обработки |
20260212 ||| 0rusy0189 ca |
| 101 |
Язык документа |
0_ |
| a |
Язык текста |
rus |
| 102 |
Страна публикации |
__ |
| a |
Страна публикации |
RU |
| 200 |
Заглавие и сведения об ответственности |
1_ |
| a |
Заглавие |
Восхождение к идеалу |
| e |
Сведения, относящиеся к заглавию |
[о легендарной балерине М. Плисецкой и великом русском композиторе Р. Щедрине] |
| f |
Первые сведения об ответственности |
К. Васильева |
| 300 |
Общие примечания |
__ |
| a |
Общие примечания |
6+ |
| 461 |
Уровень набора |
_0 |
| 1 |
|
2000 |
| a |
|
Эскиз |
| 463 |
Уровень физической единицы |
_0 |
| 1 |
|
2000 |
| a |
|
№ 12 |
| v |
|
С. 12-17 : фот. |
| 1 |
|
2101 |
| d |
|
2025 |
| 1 |
|
001RU/CBS_UL/BASE/3f074e9f71284492baccfbca7d9b4f31 |
| 600 |
Персоналии |
_1 |
| a |
Персоналии (Фамилия) |
Плисецкая |
| b |
Персоналии (Имя, инициалы) |
М.М. |
| 600 |
Персоналии |
_1 |
| a |
Персоналии (Фамилия) |
Щедрин |
| b |
Персоналии (Имя, инициалы) |
Р.К. |
| 606 |
Тематические рубрики |
0_ |
| a |
Основная рубрика |
Плисецкая, Майя Михайловна (1925-2015) |
| 606 |
Тематические рубрики |
0_ |
| a |
Основная рубрика |
Щедрин, Родион Константинович (1932-2025) |
| 610 |
Ключевые слова |
0_ |
| a |
Ключевые слова |
балерины советские, российские балерины, балетмейстеры, хореографы, балерины Большого театра, Герои Социалистического Труда, народные артистки СССР, лауреаты Ленинской премии, композиторы, пианисты |
| 686 |
Индексы других классификаций |
__ |
| 2 |
Код системы |
rubbk |
| a |
Классификационный индекс |
85.335.42 |
| 686 |
Индексы других классификаций |
__ |
| a |
Классификационный индекс |
85.313(2)1 |
| 700 |
Автор |
_1 |
| a |
Фамилия |
Васильева |
| b |
Имя (инициалы) |
К. |
| 801 |
Источник записи |
_0 |
| a |
Страна |
RU |
| b |
Организация |
МБУК ЦБС г. Ульяновска |
| c |
Дата составления |
20260212 |
| g |
Правила каталогизации |
RCR |
| 801 |
Источник записи |
_1 |
| a |
Страна |
RU |
| b |
Организация |
МБУК ЦБС г. Ульяновска |
| c |
Дата составления |
20260212 |
| g |
Правила каталогизации |
RCR |
| 901 |
Тип документа |
__ |
| t |
Тип документа |
b |
| w |
Контрольный № источника |
RU/CBS_UL/BASE/3f074e9f71284492baccfbca7d9b4f31 |
| 909 |
Создатель записи |
__ |
| a |
Создатель записи |
lib1 |